Central Library OPAC University of Rajshahi

Population and environment dynamics : (Record no. 57634)

MARC details
000 -LEADER
fixed length control field 00903nam a2200289 a 4500
001 - CONTROL NUMBER
control field 57634
003 - CONTROL NUMBER IDENTIFIER
rucl marc code BD-RJUL
005 - DATE AND TIME OF LATEST TRANSACTION
control field 20211209080534.0
008 - FIXED-LENGTH DATA ELEMENTS--GENERAL INFORMATION
fixed length control field 161211s2000 b b i000 0 eng d
020 ## - INTERNATIONAL STANDARD BOOK NUMBER
International Standard Book Number 984559183
035 ## - SYSTEM CONTROL NUMBER
System control number (BD-RJUL)57758
040 ## - CATALOGING SOURCE
Original cataloging agency HWE
Transcribing agency HWE
Modifying agency MIA
-- BD-RJUL
Language of cataloging eng
041 ## - LANGUAGE CODE
Language code of text/sound track or separate title eng
082 ## - DEWEY DECIMAL CLASSIFICATION NUMBER
Edition number 23
Classification number 304.6
Author mark and year POP 2000
090 ## - LOCALLY ASSIGNED LC-TYPE CALL NUMBER (OCLC); LOCAL CALL NUMBER (OCLC)
Classification number (OCLC) (R) ; Classification number, CALL (RLIN) (NR) HB3633.A3
Local cutter number (OCLC) ; Book number/undivided call number, CALL (RLIN) P658 1997
099 ## - LOCAL FREE-TEXT CALL NUMBER (OCLC)
Bangla Class number HB3635.U5851 no.147
245 10 - TITLE STATEMENT
Title Population and environment dynamics :
Statement of responsibility, etc. A training handbook /
Remainder of title Ed. by Md. Rezaul karim Alauddin Ahmed and Tapash kumar Biswas
260 ## - PUBLICATION, DISTRIBUTION, ETC. (IMPRINT)
Place of publication, distribution, etc. Bangladesh :
Name of publisher, distributor, etc. Kotbari,
Date of publication, distribution, etc. 2000
300 ## - PHYSICAL DESCRIPTION
Pagination ix, 237 p. ;
Size 25 cm.
504 ## - BIBLIOGRAPHY, ETC. NOTE
Bibliography, etc Includes bibliographical references.
650 ## - SUBJECT ADDED ENTRY--TOPICAL TERM
Topical term or geographic name as entry element Population.
9 (RLIN) 171140
700 ## - ADDED ENTRY--PERSONAL NAME
Personal name karim Md. Rezaul
Personal name Ahmed, Alauddin
Personal name Biswas Tapash kumar
942 ## - ADDED ENTRY ELEMENTS (KOHA)
Source of classification or shelving scheme Dewey Decimal Classification
Koha item type Books
949 ## - LOCAL PROCESSING INFORMATION (OCLC)
a d
p 39080016379395
Holdings
Lost status Source of classification or shelving scheme Damaged status Not for loan Collection code Permanent Location Current Location Shelving location Date acquired Source of acquisition Cost, normal purchase price Total Checkouts Full call number Date last seen Copy number Koha item type
  Dewey Decimal Classification   Not For Loan Non-fiction Central Library, University of Rajshahi Central Library, University of Rajshahi Reading Room 08/01/2008 Comilla, Ban.poli. union ecademy 250.00   304.6 POP 2000 11/12/2016 C-1 Books